[Event "Tuimazy-ch U14"]
[Site "Tuimazy"]
[Date "2016.03.06"]
[Round "12"]
[White "Makhmutov, Azamat"]
[Black "Lastuvka, Roman"]
[Result "1-0"]
[WhiteElo "1404"]
[BlackElo "1059"]
[PlyCount "59"]
[EventDate "2016.03.01"]
[EventType "tourn"]
[EventRounds "15"]
[EventCountry "RUS"]
[SourceTitle "EXT 2022"]
[Source "ChessBase"]
[SourceDate "2021.10.06"]
[SourceVersion "1"]
[SourceVersionDate "2021.10.06"]
[SourceQuality "1"]

1. d4 d5 2. c4 e6 3. Nc3 Nf6 4. Bg5 Nbd7 5. e3 h6 6. Bh4 Be7 7. Nf3 Nb6 8. c5 Nbd7 9. Bd3 b6 10. b4 bxc5 11. bxc5 0-0 12. 0-0 Nh7 13. Bxe7 Qxe7 14. Qc2 Nhf6 15. Rab1 Rb8 16. Nb5 a6 17. Nxc7 Rxb1 18. Rxb1 Nb8 19. Rxb8 Qxc7 20. Rb1 Qa7 21. Ne5 Bb7 22. Qb2 Rb8 23. c6 Bc8 24. Qxb8 Qxb8 25. Rxb8 g6 26. Rxc8+ Kh7 27. c7 Kg7 28. Ra8 Kh7 29. c8Q h5 30. Qh8# 1-0

[Event "Tuimazy-ch U14"]
[Site "Tuimazy"]
[Date "2016.03.05"]
[Round "10"]
[White "Mironov, Vladislav"]
[Black "Lastuvka, Roman"]
[Result "0-1"]
[WhiteElo "1037"]
[BlackElo "1059"]
[PlyCount "128"]
[EventDate "2016.03.01"]
[EventType "tourn"]
[EventRounds "15"]
[EventCountry "RUS"]
[SourceTitle "EXT 2022"]
[Source "ChessBase"]
[SourceDate "2021.10.06"]
[SourceVersion "1"]
[SourceVersionDate "2021.10.06"]
[SourceQuality "1"]

1. e4 e5 2. Nf3 Nc6 3. g3 d6 4. Bg2 Nf6 5. Nc3 Be6 6. 0-0 Be7 7. d3 Qd7 8. Be3 0-0 9. Ng5 Bg4 10. Bf3 Be6 11. Nxe6 fxe6 12. Bg2 Qe8 13. Bf3 Qf7 14. Bg2 Nd7 15. Qe2 Nd4 16. Bxd4 exd4 17. Nd1 e5 18. c3 c5 19. Bh3 Rfd8 20. cxd4 cxd4 21. Rc1 Bg5 22. Ra1 Bh6 23. Bg2 Nf6 24. Bh3 Qh5 25. Qxh5 Nxh5 26. b3 Rf8 27. Rb1 b6 28. Rb2 Rab8 29. Rc2 Rfe8 30. Nb2 b5 31. b4 Rb7 32. a3 Ree7 33. Bg4 Nf6 34. Bh3 Rbc7 35. Rxc7 Rxc7 36. g4 Rc1 37. f3 Rxf1+ 38. Bxf1 Bc1 39. Nd1 Bxa3 40. h4 Bxb4 41. g5 Ne8 42. Bh3 a5 43. Bd7 Nc7 44. Kg2 Bc5 45. Nb2 a4 46. Kh3 a3 47. Nd1 b4 48. Ba4 Ne6 49. Bb3 Kf7 50. Kg4 Ke7 51. h5 Nf4 52. g6 hxg6 53. hxg6 Nxg6 54. Nf2 Nf4 55. Kg5 Ne2 56. Kg6 Nc3 57. Kxg7 a2 58. Bxa2 Nxa2 59. Nd1 Nc1 60. Nb2 b3 61. Nc4 Nxd3 62. Kg6 b2 63. Nxb2 Nxb2 64. Kf5 d3 0-1

[Event "Tuimazy-ch U14"]
[Site "Tuimazy"]
[Date "2016.03.04"]
[Round "7"]
[White "Asadullin, Lenar"]
[Black "Lastuvka, Roman"]
[Result "1/2-1/2"]
[WhiteElo "1049"]
[BlackElo "1059"]
[PlyCount "81"]
[EventDate "2016.03.01"]
[EventType "tourn"]
[EventRounds "15"]
[EventCountry "RUS"]
[SourceTitle "EXT 2022"]
[Source "ChessBase"]
[SourceDate "2021.10.06"]
[SourceVersion "1"]
[SourceVersionDate "2021.10.06"]
[SourceQuality "1"]

1. e4 e5 2. Nf3 Nc6 3. d3 Nf6 4. h3 d6 5. Bd2 Be7 6. Nc3 Bd7 7. Be2 0-0 8. 0-0 Be6 9. Ng5 h6 10. Nxe6 fxe6 11. f3 Nh5 12. Be1 Bh4 13. Bxh4 Qxh4 14. Qe1 Qxe1 15. Rfxe1 Nd4 16. Bd1 Nf4 17. Kf2 Rf6 18. h4 Raf8 19. Rc1 Rg6 20. Rg1 Rgf6 21. Ne2 Nfxe2 22. Bxe2 Nxe2 23. Kxe2 Rf4 24. Rh1 R8f6 25. Rcf1 Rg6 26. Rh2 Rf8 27. c4 c5 28. Rb1 a6 29. b4 Rb8 30. b5 a5 31. g4 Rf6 32. Rf2 Rff8 33. h5 b6 34. Rg2 Rf7 35. Rg3 Rbf8 36. Rf1 Re8 37. Ke3 Ref8 38. a4 Kh7 39. Ke2 Rd7 40. Ke3 Rdf7 41. Ke2 1/2-1/2

[Event "Tuimazy-ch U14"]
[Site "Tuimazy"]
[Date "2016.03.03"]
[Round "6"]
[White "Lastuvka, Roman"]
[Black "Lutfullin, Artur"]
[Result "1-0"]
[WhiteElo "1059"]
[BlackElo "1032"]
[PlyCount "91"]
[EventDate "2016.03.01"]
[EventType "tourn"]
[EventRounds "15"]
[EventCountry "RUS"]
[SourceTitle "EXT 2022"]
[Source "ChessBase"]
[SourceDate "2021.10.06"]
[SourceVersion "1"]
[SourceVersionDate "2021.10.06"]
[SourceQuality "1"]

1. e4 e5 2. Nf3 d6 3. Bc4 Bg4 4. h3 Bxf3 5. Qxf3 Nf6 6. Nc3 Nc6 7. Nd5 Be7 8. d3 0-0 9. Bg5 Nd4 10. Qd1 Nxd5 11. Bxe7 Qxe7 12. Bxd5 c6 13. Bb3 Nxb3 14. axb3 d5 15. f3 dxe4 16. fxe4 Qf6 17. Qf3 Qxf3 18. gxf3 h6 19. Ke2 b5 20. Ra6 c5 21. Rc6 Rac8 22. Rxc8 Rxc8 23. Ra1 c4 24. Kd2 cxb3 25. cxb3 Ra8 26. Ke3 a5 27. Kd2 a4 28. bxa4 bxa4 29. b3 Rb8 30. bxa4 Rb6 31. a5 Ra6 32. Kc3 g6 33. Kb4 f5 34. Kb5 Ra8 35. a6 fxe4 36. dxe4 g5 37. Kb6 Rb8+ 38. Kc7 Ra8 39. Kb7 Rxa6 40. Rxa6 h5 41. Rg6+ Kf7 42. Rxg5 Kf6 43. Rxh5 Kg6 44. Rxe5 Kf6 45. f4 Kg6 46. h4 1-0

[Event "Tuimazy-ch U14"]
[Site "Tuimazy"]
[Date "2016.03.02"]
[Round "4"]
[White "Lastuvka, Roman"]
[Black "Farkhutdinov, Danil"]
[Result "0-1"]
[WhiteElo "1059"]
[BlackElo "1338"]
[PlyCount "102"]
[EventDate "2016.03.01"]
[EventType "tourn"]
[EventRounds "15"]
[EventCountry "RUS"]
[SourceTitle "EXT 2022"]
[Source "ChessBase"]
[SourceDate "2021.10.06"]
[SourceVersion "1"]
[SourceVersionDate "2021.10.06"]
[SourceQuality "1"]

1. e4 e6 2. d4 d5 3. e5 c5 4. Nf3 Qb6 5. b3 Nc6 6. c3 cxd4 7. cxd4 Bb4+ 8. Ke2 Qa6+ 9. Ke3 Qa5 10. Bd2 Bxd2+ 11. Qxd2 Qxd2+ 12. Nbxd2 Nb4 13. Bb5+ Bd7 14. Bxd7+ Kxd7 15. Ke2 Rc8 16. a3 Nc6 17. Ng5 Ke8 18. Ngf3 Nge7 19. Rhc1 Nf5 20. Kd3 Ke7 21. b4 a6 22. Rc3 g5 23. g4 Nh6 24. h3 f6 25. Rac1 Nf7 26. exf6+ Kxf6 27. Ke3 Na7 28. Nb3 Rxc3+ 29. Rxc3 Nb5 30. Rd3 Nxa3 31. Na5 Nc4+ 32. Nxc4 dxc4 33. Rc3 b5 34. Ra3 Ra8 35. d5 exd5 36. Nd4 Nd6 37. f4 h6 38. f5 h5 39. Kf3 h4 40. Ke3 c3 41. Kd3 Ke5 42. Nf3+ Kf4 43. Ke2 Ne4 44. Ra2 Rc8 45. Ne1 Rc6 46. Nc2 Kg3 47. Ra1 Kxh3 48. Ne3 Ng3+ 49. Kf2 c2 50. Nf1 Nxf1 51. Ra3+ Ng3 0-1

[Event "Tuimazy Bashkortostan Cup"]
[Site "Tuimazy"]
[Date "2015.09.23"]
[Round "8"]
[White "Lastuvka, Roman"]
[Black "Petrov, Danil"]
[Result "0-1"]
[WhiteElo "1027"]
[BlackElo "1812"]
[PlyCount "76"]
[EventDate "2015.09.12"]
[EventType "tourn"]
[EventRounds "11"]
[EventCountry "RUS"]
[SourceTitle "EXT 2016"]
[Source "ChessBase"]
[SourceDate "2015.10.08"]
[SourceVersion "1"]
[SourceVersionDate "2015.10.08"]
[SourceQuality "1"]

1. e4 c5 2. Nf3 e6 3. Nc3 a6 4. d4 cxd4 5. Nxd4 Qc7 6. a3 Nf6 7. Bd3 Nc6 8. Nb3 Be7 9. Be3 0-0 10. 0-0 b5 11. Bc5 d6 12. Be3 Bb7 13. Ne2 Ne5 14. Ng3 Rac8 15. Rc1 Nc4 16. Bd4 e5 17. Bc3 Qb8 18. Na5 Nxa5 19. Bxa5 Qa8 20. Re1 Rfe8 21. c4 bxc4 22. Rxc4 Rxc4 23. Bxc4 Nxe4 24. Nxe4 Bxe4 25. f3 Bb7 26. Re2 d5 27. Bb3 Bc5+ 28. Kh1 e4 29. Qe1 d4 30. Ba4 Re7 31. fxe4 Bxe4 32. Qc1 Ba7 33. Bc2 Qc6 34. Qd2 f5 35. Bb3+ Kh8 36. Qg5 Re8 37. Bf7 Rc8 38. Qe7 d3 0-1

[Event "Tuimazy Bashkortostan Cup"]
[Site "Tuimazy"]
[Date "2015.09.17"]
[Round "4"]
[White "Lastuvka, Roman"]
[Black "Shafikov, Artemy"]
[Result "0-1"]
[WhiteElo "1027"]
[BlackElo "1292"]
[PlyCount "82"]
[EventDate "2015.09.12"]
[EventType "tourn"]
[EventRounds "11"]
[EventCountry "RUS"]
[SourceTitle "EXT 2016"]
[Source "ChessBase"]
[SourceDate "2015.10.08"]
[SourceVersion "1"]
[SourceVersionDate "2015.10.08"]
[SourceQuality "1"]

1. e4 e6 2. d4 d5 3. Nc3 Bb4 4. e5 c5 5. Nf3 Nc6 6. Be3 Qb6 7. Be2 cxd4 8. Nxd4 Nxe5 9. Nf3 Qc7 10. Bd4 Nxf3+ 11. gxf3 e5 12. Bb5+ Bd7 13. Bxd7+ Kxd7 14. f4 exd4 15. Qg4+ Kd8 16. Qxg7 Bxc3+ 17. bxc3 Qxc3+ 18. Kf1 Qxa1+ 19. Kg2 Qxa2 20. Qxh8 Kd7 21. Qxd4 Qc4 22. Qg7 Qe4+ 23. Kg1 Qg6+ 24. Qxg6 hxg6 25. Kg2 a5 26. Rd1 a4 27. Rxd5+ Kc6 28. Rd1 a3 29. Ra1 a2 30. Kf3 Kc5 31. Ke2 Kc4 32. Kd2 Nf6 33. f3 b5 34. c3 Kb3 35. Kc1 Kxc3 36. h3 b4 37. h4 b3 38. h5 b2+ 39. Kd1 bxa1Q+ 40. Ke2 Qb2+ 41. Kf1 a1R# 0-1